| 000 | 01006nam a22002297a 4500 | ||
|---|---|---|---|
| 005 | 20240530110435.0 | ||
| 008 | 150406s2009 ua g 000 0 ara d | ||
| 017 |
_a2009/22720 _bمصر . دار الكتب المصرية |
||
| 020 | _a9789774797480 | ||
| 040 | _aEG-CaGPL | ||
| 082 | 0 | 4 |
_221 _a327.73056\ _bل إ |
| 100 | 1 | _aليتل ، دوجلاس | |
| 245 | 1 | 2 |
_aالاستشراق الامريكى : _bالولايات المتحدة و الشرق الاوسط منذ 1945 / _cتاليف دوجلاس ليتل ؛ ترجمة و تقديم طلعت الشايب . |
| 250 | _aط1. | ||
| 260 |
_aالقاهرة : _bالمركز القومى للترجمة ، _c2009. |
||
| 300 |
_a729 ص ؛ _c24 سم. |
||
| 650 | 0 | 4 | _aالاستشراق و المشتشرقون. |
| 651 | 0 | 4 |
_aالولايات المتحدة الامريكية _xالعلاقات الخارجية _yالشرق الاوسط. |
| 700 | 0 | _aطلعت الشايب. | |
| 942 |
_2ddc _cBK |
||
| 999 |
_c60922 _d60922 |
||